[Event "Titled Tue 24th Jun Early"]
[Site "chess.com INT"]
[Date "2025.06.24"]
[Round "1"]
[White "Tovmasian, Vardges"]
[Black "Cardozo Munar, Carlos Eduardo"]
[Result "1/2-1/2"]
[WhiteTitle "IM"]
[BlackTitle "FM"]
[WhiteElo "2352"]
[BlackElo "2052"]
[WhiteFideId "13302736"]
[BlackFideId "4409477"]
[EventDate "2025.06.24"]

1. e4 e6 2. d4 d5 3. Nc3 Nf6 4. Bg5 Be7 5. e5 Nfd7 6. h4 Bxg5 7. hxg5 Qxg5 8.
Nh3 Qh4 9. g3 Qe7 10. Qg4 g6 11. Qf4 Nc6 12. Ng5 h5 13. O-O-O Nb6 14. g4 h4 15.
Bd3 Nxd4 16. Nxf7 Qxf7 17. Qxd4 Bd7 18. g5 O-O-O 19. Rxh4 Rxh4 20. Qxh4 Rf8 21.
Rh1 a6 22. b3 Kb8 23. Nd1 Bb5 24. Bxb5 axb5 25. Kb2 Qf5 26. Qg3 d4 27. Rh7 Nd5
28. Qd3 Qxd3 29. cxd3 Rf5 30. Rh8+ Ka7 31. Kc2 Rxe5 32. Rf8 Rxg5 33. a3 Rf5 34.
Re8 e5 35. a4 bxa4 36. bxa4 c6 37. Kd2 Nc3 38. Nxc3 dxc3+ 39. Kxc3 Rxf2 40. Rxe5
Rg2 41. Re7 g5 42. Rg7 g4 43. Kc4 Kb6 44. a5+ Ka6 45. Kc5 Rg1 46. Rg8 Rc1+ 47.
Kd4 Ra1 48. Kc3 Ra4 49. Rg5 Rf4 50. d4 Rf1 51. Rxg4 Kxa5 52. Rg2 b5 53. Ra2+ Kb6
54. Rd2 Rf3+ 55. Kb4 Rf5 56. Rh2 Rf4 57. Kc3 Rg4 58. Rf2 Kc7 59. Rf6 Kb6 60. Rf2
Rg3+ 61. Kb4 Rg1 62. Kc3 Rc1+ 63. Kb3 Rc4 64. Rd2 Kc7 65. Rd3 Kd6 66. d5 cxd5
67. Rh3 Kc5 68. Rh8 Ra4 69. Rc8+ Kd4 70. Rb8 Ra5 71. Kb4 Ra1 72. Rh8 Rb1+ 73.
Ka3 Kc4 74. Rc8+ Kd3 75. Rh8 d4 76. Rh3+ Kc4 77. Ka2 Rb4 78. Ka3 Ra4+ 79. Kb2
Ra6 80. Rh8 Rc6 81. Rh1 d3 82. Rh4+ Kc5 83. Rh5+ Kb6 84. Rd5 Rc4 85. Rxd3 Ka5
86. Re3 Kb4 87. Rb3+ Kc5 88. Re3 Rf4 89. Rc3+ Kb4 90. Rb3+ Ka5 91. Ra3+ Kb6 92.
Rh3 Rf2+ 93. Kb3 Ka5 94. Rh8 Rf3+ 95. Kb2 Ka4 96. Rh4+ b4 97. Rh2 Rb3+ 98. Ka2
Rg3 99. Kb2 Rf3 100. Ka2 Ra3+ 101. Kb2 Rb3+ 102. Ka2 Ra3+ 103. Kb2 Rb3+ 1/2-1/2

[Event "Titled Tue 24th Jun Early"]
[Site "chess.com INT"]
[Date "2025.06.24"]
[Round "2"]
[White "Hernandez Jimenez, Alexander Andres"]
[Black "Matyassy, Lazar"]
[Result "0-1"]
[WhiteTitle "FM"]
[BlackTitle "FM"]
[WhiteElo "2069"]
[BlackElo "2251"]
[WhiteFideId "3900452"]
[BlackFideId "17005167"]
[EventDate "2025.06.24"]

1. e4 a6 2. d4 h6 3. c4 d6 4. Nc3 e5 5. Nf3 Nd7 6. dxe5 dxe5 7. Be2 Ngf6 8. O-O
c6 9. h3 Qc7 10. Be3 Bc5 11. Qd2 O-O 12. Na4 Nxe4 13. Qd3 Bxe3 14. Qxe4 Ba7 15.
b4 f5 16. Qc2 e4 17. Nd4 Bxd4 0-1

[Event "Titled Tue 24th Jun Early"]
[Site "chess.com INT"]
[Date "2025.06.24"]
[Round "2"]
[White "Ratkovic, Miloje"]
[Black "Skiadopoulos, Nikolaos"]
[Result "1-0"]
[WhiteTitle "GM"]
[BlackTitle "CM"]
[WhiteElo "2489"]
[BlackElo "1882"]
[WhiteFideId "914517"]
[BlackFideId "4200772"]
[EventDate "2025.06.24"]

1. e4 c5 2. Nf3 Nc6 3. Bb5 Qb6 4. Nc3 e6 5. Bxc6 Qxc6 6. d4 cxd4 7. Nxd4 Qa6 8.
Ndb5 Qa5 9. Bf4 d6 10. Bxd6 Bxd6 11. Qxd6 Ne7 12. Nc7+ Kf8 13. Qd8# 1-0

[Event "Titled Tue 24th Jun Early"]
[Site "chess.com INT"]
[Date "2025.06.24"]
[Round "2"]
[White "Arya G Mallar"]
[Black "Fernandez Siles, Luis"]
[Result "0-1"]
[WhiteTitle "WCM"]
[BlackTitle "FM"]
[WhiteElo "2000"]
[BlackElo "2170"]
[WhiteFideId "25115324"]
[BlackFideId "2209420"]
[EventDate "2025.06.24"]

1. d4 Nf6 2. c4 g6 3. Nf3 Bg7 4. g3 O-O 5. Bg2 d6 6. Nc3 c6 7. e4 Qa5 8. O-O e5
9. h3 exd4 10. Nxd4 Qc5 11. Be3 Qxc4 12. Rc1 Qa6 13. Bf4 Ne8 14. Re1 Nd7 15. Bf1
Qa5 16. Qb3 Bxd4 0-1

[Event "Titled Tue 24th Jun Early"]
[Site "chess.com INT"]
[Date "2025.06.24"]
[Round "2"]
[White "Germanovs, Georgijs"]
[Black "Katishonok, Nikolaj"]
[Result "1-0"]
[WhiteTitle "CM"]
[BlackTitle "FM"]
[WhiteElo "2260"]
[BlackElo "2004"]
[WhiteFideId "11609710"]
[BlackFideId "11600225"]
[EventDate "2025.06.24"]

1. e4 e6 2. d4 d5 3. exd5 exd5 4. c4 Nf6 5. Nc3 Bb4 6. Nf3 O-O 7. Bd3 Re8+ 8.
Be3 dxc4 9. Bxc4 Be6 10. Bxe6 Rxe6 11. O-O c6 12. Qb3 Qe7 13. Ng5 Rxe3 14. fxe3
Qxe3+ 15. Kh1 Na6 16. Qxf7+ Kh8 17. Qxb7 1-0

[Event "Titled Tue 24th Jun Early"]
[Site "chess.com INT"]
[Date "2025.06.24"]
[Round "2"]
[White "Ben Artzi, Ido"]
[Black "Kramnik, Vladimir"]
[Result "0-1"]
[WhiteTitle "IM"]
[BlackTitle "GM"]
[WhiteElo "2339"]
[BlackElo "2753"]
[WhiteFideId "2810913"]
[BlackFideId "4101588"]
[EventDate "2025.06.24"]

1. e4 c5 2. Nf3 e6 3. c3 d5 4. exd5 exd5 5. d4 Nf6 6. Bb5+ Bd7 7. Bd3 Nc6 8. O-O
Be7 9. Re1 O-O 10. dxc5 Bxc5 11. Nbd2 Qb6 12. Re2 Ng4 13. Qe1 Rfe8 0-1

[Event "Titled Tue 24th Jun Early"]
[Site "chess.com INT"]
[Date "2025.06.24"]
[Round "2"]
[White "Klekowski, Maciej"]
[Black "Diachek, Andrii"]
[Result "1-0"]
[WhiteTitle "GM"]
[BlackTitle "CM"]
[WhiteElo "2474"]
[BlackElo "2177"]
[WhiteFideId "1132717"]
[BlackFideId "34106499"]
[EventDate "2025.06.24"]

1. c4 e5 2. Nc3 Nc6 3. g3 g6 4. Bg2 Bg7 5. e4 d6 6. Nge2 h5 7. h3 Be6 8. d3 Qd7
9. Nd5 h4 10. g4 f5 11. exf5 gxf5 12. gxf5 Bxf5 13. Nec3 O-O-O 14. Nb5 a6 15.
Nbxc7 Kb8 16. Be3 Nd4 17. Bxd4 exd4 18. Qb3 Nf6 19. Nxa6+ 1-0

[Event "Titled Tue 24th Jun Early"]
[Site "chess.com INT"]
[Date "2025.06.24"]
[Round "2"]
[White "Aaron, Deepak"]
[Black "Yushko, Olga"]
[Result "1-0"]
[BlackTitle "WFM"]
[WhiteElo "2318"]
[BlackElo "2033"]
[WhiteFideId "2009412"]
[BlackFideId "14114500"]
[EventDate "2025.06.24"]

1. e4 Nf6 2. e5 Nd5 3. c4 Nb6 4. d4 d6 5. exd6 exd6 6. h3 Bf5 7. Bd3 Bxd3 8.
Qxd3 Ke7 9. Nf3 Nc6 10. O-O g6 11. c5 dxc5 12. Re1+ Kf6 13. Bg5+ 1-0

[Event "Titled Tue 24th Jun Early"]
[Site "chess.com INT"]
[Date "2025.06.24"]
[Round "2"]
[White "Anakok, Deniz"]
[Black "Dinesh, Rajan M"]
[Result "1/2-1/2"]
[WhiteTitle "CM"]
[BlackTitle "CM"]
[WhiteElo "2058"]
[BlackElo "2133"]
[WhiteFideId "51603586"]
[BlackFideId "35060600"]
[EventDate "2025.06.24"]

1. e4 c5 2. Nf3 e6 3. d4 cxd4 4. Nxd4 Nc6 5. Nc3 Nf6 6. Ndb5 Bb4 7. Bf4 Nxe4 8.
Nc7+ Kf8 9. Qf3 d5 10. Nxa8 e5 11. Bd2 Nd4 12. Qd1 Qh4 13. g3 Qf6 14. Nxe4 Nf3+
15. Ke2 Nd4+ 16. Ke1 Nf3+ 17. Ke2 Nd4+ 18. Ke1 Nf3+ 19. Ke2 1/2-1/2

[Event "Titled Tue 24th Jun Early"]
[Site "chess.com INT"]
[Date "2025.06.24"]
[Round "2"]
[White "Newansa, M Esandi"]
[Black "Jakubowski, Krzysztof"]
[Result "0-1"]
[WhiteTitle "WCM"]
[BlackTitle "GM"]
[WhiteElo "1945"]
[BlackElo "2448"]
[WhiteFideId "9999060"]
[BlackFideId "1112848"]
[EventDate "2025.06.24"]

1. d4 Nf6 2. Bf4 b6 3. e3 Bb7 4. Nf3 Nh5 5. Be5 d6 6. Bg3 Nd7 7. Be2 g6 8. Bh4
Bg7 9. O-O O-O 10. c3 c5 11. Nbd2 h6 12. Ne1 Nhf6 13. h3 g5 14. Bg3 a6 15. a4 e5
16. dxe5 dxe5 17. Nc4 Ne4 18. Bh2 Qc7 19. Bf3 Rad8 20. Qc2 f5 21. g4 b5 22. axb5
axb5 23. Na5 Ba8 24. gxf5 Ndf6 25. Nd3 Qd7 26. Nxe5 Qxf5 27. Bg2 Rd2 28. Bxe4
Nxe4 29. Qb1 Bxe5 30. Bxe5 Qxe5 31. f3 Qh2# 0-1

[Event "Titled Tue 24th Jun Early"]
[Site "chess.com INT"]
[Date "2025.06.24"]
[Round "2"]
[White "Chen, Yidong"]
[Black "Roebers, Jan"]
[Result "1/2-1/2"]
[BlackTitle "FM"]
[WhiteElo "2074"]
[BlackElo "2056"]
[WhiteFideId "8607028"]
[BlackFideId "1007815"]
[EventDate "2025.06.24"]

1. e4 d6 2. d4 Nf6 3. Nc3 g6 4. f4 Bg7 5. Nf3 O-O 6. Bd3 Bg4 7. O-O Nc6 8. Be3
e5 9. fxe5 dxe5 10. d5 Nd4 11. Ne2 Nxf3+ 12. gxf3 Bh3 13. Re1 Nh5 14. Qd2 f5 15.
Bg5 Bf6 16. Bh6 Bg7 17. Bg5 Bf6 18. Bh6 Bg7 19. Bg5 1/2-1/2

[Event "Titled Tue 24th Jun Early"]
[Site "chess.com INT"]
[Date "2025.06.24"]
[Round "2"]
[White "Gasparyan, Erik R."]
[Black "Sethuraman, Roshan"]
[Result "1-0"]
[WhiteTitle "IM"]
[WhiteElo "2372"]
[BlackElo "2074"]
[WhiteFideId "13315730"]
[BlackFideId "30965250"]
[EventDate "2025.06.24"]

1. Nf3 Nf6 2. g3 d5 3. Bg2 c6 4. O-O Bg4 5. c4 Nbd7 6. d3 e5 7. cxd5 cxd5 8. Nc3
Be7 9. Qb3 Bxf3 10. Bxf3 Nb6 11. a4 a5 12. Bg5 d4 13. Bxf6 Bxf6 14. Qb5+ Kf8 15.
Ne4 g6 16. Nc5 Nc8 17. Bxb7 Ra7 18. Nd7+ Kg7 19. Bxc8 1-0

[Event "Titled Tue 24th Jun Early"]
[Site "chess.com INT"]
[Date "2025.06.24"]
[Round "2"]
[White "Modric, Nesa"]
[Black "Ivannikov, Maksim"]
[Result "0-1"]
[WhiteTitle "CM"]
[BlackTitle "CM"]
[WhiteElo "2088"]
[BlackElo "2184"]
[WhiteFideId "922579"]
[BlackFideId "34275339"]
[EventDate "2025.06.24"]

1. d4 c5 2. d5 e6 3. dxe6 fxe6 4. c4 Nf6 5. Nc3 Be7 6. e4 O-O 7. Be3 Nc6 8. Be2
Qe8 9. h3 Qg6 10. Bf3 Ne5 11. Qe2 Nxf3+ 12. gxf3 Qg2 13. O-O-O Qxh1 14. Qf1 Qh2
15. Nge2 Qc7 16. f4 b6 17. e5 Ne8 18. Qg2 Bb7 19. Qg4 g6 20. h4 Ng7 21. Ng3 Qc6
22. Nce4 Rf5 23. b3 Raf8 24. Ng5 Bxg5 25. hxg5 Qf3 26. Qh4 Rxf4 27. Bxf4 Rxf4
28. Qh6 Qc3+ 29. Kb1 Rxf2 0-1

[Event "Titled Tue 24th Jun Early"]
[Site "chess.com INT"]
[Date "2025.06.24"]
[Round "2"]
[White "Andrade, Ivan"]
[Black "Vlassov, Nikolai"]
[Result "0-1"]
[WhiteTitle "FM"]
[BlackTitle "IM"]
[WhiteElo "2144"]
[BlackElo "2291"]
[WhiteFideId "14800039"]
[BlackFideId "4103360"]
[EventDate "2025.06.24"]

1. e4 Nc6 2. d4 d5 3. e5 h5 4. h3 Bf5 5. c3 Qd7 6. Bd3 O-O-O 7. Nf3 f6 8. Bf4 g5
9. Bg3 Bg7 10. Na3 g4 11. Bxf5 Qxf5 12. hxg4 hxg4 13. Rxh8 Bxh8 14. Nh2 fxe5 15.
dxe5 Nxe5 16. Bxe5 Qxe5+ 17. Kd2 Qxh2 18. Qxg4+ Kb8 19. Nc2 Nf6 20. Qf3 Ne4+ 21.
Ke2 Bg7 22. Ne3 Rf8 23. Nf5 Qe5 0-1

[Event "Titled Tue 24th Jun Early"]
[Site "chess.com INT"]
[Date "2025.06.24"]
[Round "2"]
[White "Kislinsky, Alexey"]
[Black "Nakara Husain"]
[Result "0-1"]
[WhiteTitle "GM"]
[WhiteElo "2341"]
[BlackElo "1713"]
[WhiteFideId "14108801"]
[BlackFideId "25636111"]
[EventDate "2025.06.24"]

1. d4 Nf6 2. c4 e6 3. Nf3 d5 4. e3 Be7 5. Nbd2 O-O 6. Bd3 b6 7. O-O Bb7 8. Qe2
c5 9. b3 Nc6 10. Bb2 Rc8 11. Rac1 h6 12. Rfd1 Qe8 13. e4 dxe4 14. Nxe4 cxd4 15.
Nxd4 Nxd4 16. Bxd4 Nxe4 17. Bxe4 Bxe4 18. Qxe4 Ba3 19. Rb1 Bc5 20. Bxc5 Rxc5 21.
Rd3 b5 22. Rbd1 bxc4 23. bxc4 Qa4 24. a3 Qxc4 25. Qxc4 Rxc4 26. Rd7 Ra4 27. R1d3
Rb8 28. Rf3 Rb1+ 29. Rd1 Rxd1# 0-1

[Event "Titled Tue 24th Jun Early"]
[Site "chess.com INT"]
[Date "2025.06.24"]
[Round "2"]
[White "Atanasov, Anthony"]
[Black "Zozek Salah Mohammed"]
[Result "1-0"]
[WhiteTitle "IM"]
[BlackTitle "FM"]
[WhiteElo "2417"]
[BlackElo "2205"]
[WhiteFideId "2623897"]
[BlackFideId "4803361"]
[EventDate "2025.06.24"]

1. d4 d5 2. Bf4 c5 3. e3 Nf6 4. Nf3 Nc6 5. Nbd2 e6 6. c3 Bd6 7. Bg3 Qc7 8. dxc5
Bxg3 9. hxg3 a5 10. Qa4 Bd7 11. Bb5 O-O 12. g4 Ne7 13. Bxd7 Nxd7 14. g5 Nf5 15.
Qg4 Nxc5 16. Qh3 h6 17. g4 Nd6 18. gxh6 g6 19. Ne5 Nde4 20. Nxe4 dxe4 21. Qh2
Qxe5 22. h7+ Kh8 23. Qxe5+ 1-0

[Event "Titled Tue 24th Jun Early"]
[Site "chess.com INT"]
[Date "2025.06.24"]
[Round "2"]
[White "Marichal Gonzalez, Ariel"]
[Black "Mohamed, Anees M"]
[Result "1-0"]
[WhiteTitle "IM"]
[BlackTitle "FM"]
[WhiteElo "2268"]
[BlackElo "2431"]
[WhiteFideId "3503232"]
[BlackFideId "35065815"]
[EventDate "2025.06.24"]

1. d4 f5 2. c4 Nf6 3. Nc3 e6 4. a3 g6 5. h4 Bg7 6. h5 Nxh5 7. e4 Nf6 8. e5 Ne4
9. Nxe4 fxe4 10. Qg4 Nc6 11. Rxh7 Rxh7 12. Qxg6+ Kf8 13. Qxh7 Nxd4 14. Bh6 Bxh6
15. Qxh6+ Kg8 16. O-O-O Nf5 17. Qg6+ Kf8 18. g4 Ng7 19. Bg2 Qh4 20. Bxe4 Rb8 21.
Nf3 Qxf2 22. Rh1 1-0

[Event "Titled Tue 24th Jun Early"]
[Site "chess.com INT"]
[Date "2025.06.24"]
[Round "2"]
[White "Sjugirov, Sanan"]
[Black "Aarav Sinha"]
[Result "1-0"]
[WhiteTitle "GM"]
[BlackTitle "FM"]
[WhiteElo "2635"]
[BlackElo "2255"]
[WhiteFideId "4189302"]
[BlackFideId "25674064"]
[EventDate "2025.06.24"]

1. Nf3 Nf6 2. g3 d5 3. Bg2 c5 4. O-O e6 5. c4 Be7 6. cxd5 exd5 7. d4 Nc6 8. Nc3
cxd4 9. Nxd4 h6 10. Be3 O-O 11. Rc1 Nxd4 12. Bxd4 Be6 13. e3 a6 14. Qb3 b5 15.
Rfd1 Qa5 16. Nxd5 Nxd5 17. Bxd5 Bxd5 18. Qxd5 Rfd8 19. Qb3 Rac8 20. a3 Bc5 21.
Bxc5 1-0

[Event "Titled Tue 24th Jun Early"]
[Site "chess.com INT"]
[Date "2025.06.24"]
[Round "2"]
[White "Kaasen, Tor Fredrik"]
[Black "Yatskar, Martin"]
[Result "1-0"]
[WhiteTitle "IM"]
[BlackTitle "CM"]
[WhiteElo "2470"]
[BlackElo "2225"]
[WhiteFideId "1516647"]
[BlackFideId "34109676"]
[EventDate "2025.06.24"]

1. e4 e5 2. Nf3 Nc6 3. Bb5 a6 4. Ba4 Nf6 5. d3 d6 6. c3 g6 7. O-O Bg7 8. Nbd2
O-O 9. Re1 h6 10. Nf1 Nh7 11. Ng3 Kh8 12. d4 b5 13. Bb3 exd4 14. Nxd4 Nxd4 15.
cxd4 c5 16. Be3 c4 17. Bc2 Bb7 18. Qd2 h5 19. Rad1 Qd7 20. Bh6 Rfe8 21. Bxg7+
Kxg7 22. b3 Rac8 23. bxc4 Rxc4 24. Bb3 Rc7 25. Qf4 Qe7 26. e5 dxe5 27. Rxe5 Qf6
28. Nxh5+ gxh5 29. Qg3+ Kf8 30. Rxe8+ Kxe8 31. Qxc7 Qc6 32. Re1+ 1-0

[Event "Titled Tue 24th Jun Early"]
[Site "chess.com INT"]
[Date "2025.06.24"]
[Round "2"]
[White "Harriott, Tyrell"]
[Black "Oppezzo, Sebastian"]
[Result "1-0"]
[WhiteElo "1924"]
[BlackElo "2177"]
[WhiteFideId "2086484"]
[BlackFideId "112321"]
[EventDate "2025.06.24"]

1. d4 g6 2. e3 Bg7 3. Bd3 d6 4. f4 Nf6 5. Ne2 O-O 6. O-O e5 7. Ng3 Nc6 8. c3 Re8
9. Nd2 exd4 10. exd4 Bg4 11. Nf3 Qd7 12. f5 a6 13. h3 Bxf3 14. Qxf3 d5 15. Bg5
Rf8 16. Rf2 Ne8 17. f6 Bh8 18. Raf1 Nd8 19. Nf5 h5 20. Ne7+ 1-0

[Event "Titled Tue 24th Jun Early"]
[Site "chess.com INT"]
[Date "2025.06.24"]
[Round "2"]
[White "Baskakov, Egor"]
[Black "Carroll, Thomas"]
[Result "1-0"]
[WhiteTitle "CM"]
[WhiteElo "2215"]
[BlackElo "2131"]
[WhiteFideId "24197866"]
[BlackFideId "450111"]
[EventDate "2025.06.24"]

1. e4 c5 2. Nf3 d6 3. d4 cxd4 4. Nxd4 Nf6 5. Nc3 Bd7 6. g3 Nc6 7. Nde2 g6 8. Bg2
Bg7 9. O-O O-O 10. h3 Rc8 11. a4 a6 12. Nd5 Nxd5 13. exd5 Ne5 14. Ra2 b5 15.
axb5 Bxb5 16. b3 Qb6 17. c4 Be8 18. Be3 Qb7 19. Nd4 Nd7 20. Nc6 Nb8 21. Nd4 Nd7
22. Re1 Nc5 23. Bg5 Bxd4 24. Qxd4 Qxb3 25. Rae2 Qd3 26. Qh4 f6 27. Rxe7 Rf7 28.
Rxe8+ Rxe8 29. Rxe8+ Kg7 30. Qh6# 1-0

[Event "Titled Tue 24th Jun Early"]
[Site "chess.com INT"]
[Date "2025.06.24"]
[Round "2"]
[White "Sagalchik, Gennadij"]
[Black "Purushothaman, Thirumalai"]
[Result "1-0"]
[WhiteTitle "GM"]
[BlackTitle "FM"]
[WhiteElo "2434"]
[BlackElo "2027"]
[WhiteFideId "2007916"]
[BlackFideId "5012791"]
[EventDate "2025.06.24"]

1. d4 d5 2. c4 e6 3. Nc3 Be7 4. cxd5 exd5 5. Bf4 Nf6 6. e3 O-O 7. Bd3 Be6 8. h3
Nbd7 9. Nf3 c5 10. g4 Qb6 11. Qc2 cxd4 12. exd4 Rac8 13. Kf1 Ne4 14. Kg2 Bb4 15.
Bxe4 dxe4 16. Qxe4 Bxc3 17. bxc3 Rxc3 18. d5 Nf6 19. Qe5 Nxd5 20. Rab1 Qa5 21.
Bd2 Qa3 22. Bxc3 Nxc3 23. Rb3 Qxa2 24. Rxc3 1-0

[Event "Titled Tue 24th Jun Early"]
[Site "chess.com INT"]
[Date "2025.06.24"]
[Round "2"]
[White "Papacek, Stepan"]
[Black "Devaev, Alexander"]
[Result "1-0"]
[WhiteTitle "FM"]
[BlackTitle "FM"]
[WhiteElo "2225"]
[BlackElo "2306"]
[WhiteFideId "301035"]
[BlackFideId "4169395"]
[EventDate "2025.06.24"]

1. e4 c6 2. c4 d5 3. exd5 cxd5 4. cxd5 Qxd5 5. Nc3 Qd6 6. Nf3 e6 7. d4 Nf6 8.
Bd3 Nc6 9. O-O Be7 10. Re1 O-O 11. a3 b6 12. Bc2 Bb7 13. Qd3 Rfd8 14. d5 exd5
15. Bg5 Ne4 16. Nxe4 dxe4 17. Qxe4 f5 18. Qxf5 g6 19. Bb3+ Kg7 20. Qf7+ Kh8 21.
Rxe7 Nxe7 22. Bf6+ 1-0

[Event "Titled Tue 24th Jun Early"]
[Site "chess.com INT"]
[Date "2025.06.24"]
[Round "2"]
[White "Rabin, Evan"]
[Black "Matinian, Nikita"]
[Result "0-1"]
[BlackTitle "GM"]
[WhiteElo "1945"]
[BlackElo "2421"]
[WhiteFideId "2028670"]
[BlackFideId "24129100"]
[EventDate "2025.06.24"]

1. e4 c5 2. Nf3 e6 3. d4 cxd4 4. Nxd4 Nc6 5. Nc3 Qc7 6. Be3 a6 7. f3 Nf6 8. Qd2
Be7 9. O-O-O b5 10. g4 Bb7 11. Kb1 Ne5 12. g5 b4 13. Na4 Nh5 14. Be2 O-O 15. f4
Nc4 16. Bxc4 Qxc4 17. Nb6 Qc7 18. Nxa8 Bxa8 19. Nb3 Bxe4 20. Rhe1 d5 21. Qf2 Rc8
22. h4 Bxc2+ 0-1

[Event "Titled Tue 24th Jun Early"]
[Site "chess.com INT"]
[Date "2025.06.24"]
[Round "2"]
[White "Dreelinck, Jacob"]
[Black "Srihari, L R"]
[Result "0-1"]
[WhiteTitle "FM"]
[BlackTitle "IM"]
[WhiteElo "2266"]
[BlackElo "2480"]
[WhiteFideId "250511"]
[BlackFideId "46617116"]
[EventDate "2025.06.24"]

1. Nh3 b6 2. e4 Bb7 3. Nc3 e6 4. a3 d5 5. exd5 exd5 6. d4 Nf6 7. Bf4 Bd6 8. Bb5+
c6 9. Qe2+ Be7 10. Bd3 O-O 11. O-O-O Re8 12. Be5 Nbd7 13. f4 c5 14. g4 cxd4 15.
Bxd4 Bc5 16. Qf2 Nxg4 17. Qg1 Bxd4 18. Qxd4 Qf6 19. Qg1 Ne3 20. Re1 d4 21. Ne4
Bxe4 0-1

[Event "Titled Tue 24th Jun Early"]
[Site "chess.com INT"]
[Date "2025.06.24"]
[Round "2"]
[White "Tan, Jun Hao"]
[Black "Sydykov, Bayastan"]
[Result "0-1"]
[WhiteTitle "CM"]
[BlackTitle "FM"]
[WhiteElo "1946"]
[BlackElo "2301"]
[WhiteFideId "5805678"]
[BlackFideId "13829610"]
[EventDate "2025.06.24"]

1. Nf3 Nf6 2. g3 g6 3. b3 Bg7 4. Bb2 O-O 5. Bg2 d6 6. d4 Re8 7. O-O Nbd7 8. Nbd2
Rb8 9. a4 b6 10. e4 e5 11. dxe5 dxe5 12. Nc4 Ba6 13. Nfxe5 Nxe5 14. Qxd8 Rbxd8
15. Nxe5 Bxf1 16. Kxf1 Nxe4 17. Nd3 Rxd3 18. Bxg7 Rd2 19. Bh6 Rxf2+ 20. Kg1 Rxc2
21. Re1 f5 22. Bf4 Kf7 23. h4 Nd6 24. Bd5+ Kf6 25. Bg5+ Kg7 26. Rf1 Ne4 27. Bf4
Nc3 28. Bc6 Ne2+ 29. Kh1 Rxc6 0-1

[Event "Titled Tue 24th Jun Early"]
[Site "chess.com INT"]
[Date "2025.06.24"]
[Round "2"]
[White "Sahetchian, Armand"]
[Black "Smieszek, Wojciech"]
[Result "1-0"]
[WhiteTitle "CM"]
[BlackTitle "CM"]
[WhiteElo "2024"]
[BlackElo "2141"]
[WhiteFideId "607150"]
[BlackFideId "1156047"]
[EventDate "2025.06.24"]

1. d4 Nf6 2. c4 c5 3. Nf3 cxd4 4. Nxd4 e5 5. Nc2 d5 6. cxd5 Qxd5 7. Qxd5 Nxd5 8.
e4 Nf6 9. Nc3 Nc6 10. Bb5 Bd7 11. O-O Nd4 12. Bxd7+ Nxd7 13. Nxd4 exd4 14. Nb5
O-O-O 15. Nxd4 Nc5 16. Nb5 Nxe4 17. Nxa7+ Kb8 18. Nb5 Bc5 19. Be3 Bxe3 20. fxe3
f6 21. Rad1 Nc5 22. Rd4 Rhe8 23. Rfd1 Rxd4 24. exd4 Na4 25. b3 Nb6 26. d5 Re2
27. d6 Nd7 28. Rc1 Re5 29. a4 Nc5 30. h3 Rd5 31. Re1 Nxb3 32. Re8# 1-0

[Event "Titled Tue 24th Jun Early"]
[Site "chess.com INT"]
[Date "2025.06.24"]
[Round "2"]
[White "Gogolev, Artem"]
[Black "Bortnyk, Olexandr"]
[Result "0-1"]
[WhiteTitle "IM"]
[BlackTitle "GM"]
[WhiteElo "2240"]
[BlackElo "2601"]
[WhiteFideId "4116615"]
[BlackFideId "14120828"]
[EventDate "2025.06.24"]

1. d4 Nf6 2. Nf3 b6 3. g3 Bb7 4. Bg2 g6 5. O-O Bg7 6. b3 O-O 7. Bb2 d5 8. Nbd2
e6 9. c4 Qe7 10. e3 Na6 11. Qe2 c5 12. Rac1 Rfd8 13. Rfd1 Rac8 14. dxc5 Nxc5 15.
cxd5 Ba6 16. d6 Rxd6 17. Nc4 Rxd1+ 18. Rxd1 Ne8 19. Bxg7 Kxg7 20. Qb2+ Qf6 21.
Nfe5 Bxc4 22. Nxc4 Qxb2 23. Nxb2 Nf6 0-1

[Event "Titled Tue 24th Jun Early"]
[Site "chess.com INT"]
[Date "2025.06.24"]
[Round "2"]
[White "Habans Aguerrea, Javier"]
[Black "Marynychenko, Yehor"]
[Result "0-1"]
[WhiteTitle "IM"]
[BlackTitle "CM"]
[WhiteElo "2448"]
[BlackElo "2183"]
[WhiteFideId "24524689"]
[BlackFideId "34160558"]
[EventDate "2025.06.24"]

1. b3 c5 2. e4 Nc6 3. Bb2 e5 4. Bc4 Nf6 5. Nc3 Be7 6. d3 d6 7. Nge2 O-O 8. O-O
a6 9. a4 Ne8 10. f4 Nc7 11. Nd5 Nxd5 12. Bxd5 Bf6 13. f5 Ne7 14. Ng3 Nxd5 15.
exd5 Bd7 16. Qg4 g6 17. Qe2 Bg7 18. Rf3 e4 19. Nxe4 Bxb2 20. Raf1 Be5 21. f6 Bg4
22. Qd2 Bxf3 23. Qh6 Bxf6 24. Rxf3 Bg7 25. Qf4 f5 26. Nxd6 g5 0-1

[Event "Titled Tue 24th Jun Early"]
[Site "chess.com INT"]
[Date "2025.06.24"]
[Round "2"]
[White "Bodemar, Jonathan"]
[Black "Paxtor Chiguichon, Rodolfo Enrique"]
[Result "1-0"]
[WhiteTitle "CM"]
[BlackTitle "CM"]
[WhiteElo "2150"]
[BlackElo "2009"]
[WhiteFideId "6205488"]
[BlackFideId "7307012"]
[EventDate "2025.06.24"]

1. e4 c5 2. Nc3 d6 3. g3 g6 4. Bg2 Bg7 5. d3 Nf6 6. h3 a6 7. Be3 Nc6 8. Qd2 O-O
9. Nge2 Rb8 10. O-O b5 11. Bh6 Bxh6 12. Qxh6 b4 13. Nd1 Nd4 14. Qd2 Bxh3 15.
Nxd4 Bxg2 16. Nc6 Qb6 17. Nxe7+ Kg7 18. Kxg2 Rfe8 19. Nf5+ Kg8 20. Nfe3 Qc6 21.
f3 d5 22. Nxd5 Nxd5 23. exd5 Qxd5 24. Ne3 Qd4 25. Nc4 Re7 26. Rae1 Rbe8 27. Rxe7
Rxe7 28. Re1 1-0